000 00431nam a2200169Ia 4500
003 GCL
008 140319s9999 xx 000 0 eng d
040 _aGCL /
_cGCL
082 0 4 _a703
_bY C
100 1 _aYAMASAKI, SHIGEHISA
245 1 0 _aCHRONALAGICAL TABLE OF JAPANESE ART /
_cYAMASAKI, SHIGEHISA
260 _a[S.N] :
_bGEISHINSHA ،
_c1981
300 _a885 P
650 0 4 _aJAPAN
650 0 4 _aART, JAPAN
942 _2ddc
_cBK
999 _c19685
_d19685